000 00407nam a2200169Ia 4500
005 20250326144224.0
008 250326s9999 xx 000 0 und d
037 _aTextbook
040 _aFMSL
_beng
_cFMSL
041 _aeng
_2eng
084 _qFMSL
245 0 _aFareast & Australia 1969
260 _aLondon
_bLondon, Europa
_c1969
300 _a1252p
942 _cTB
999 _c1302860
_d1302860